000
00336nam a2200145Ia 4500
008
220204s9999 xx 000 0 und d
082
_a
339.1
_b
SIN
100
_a
Mugali, V N
245
0
_a
Text book of commerce
250
_a
Ed.11
260
_a
New Delhi
_b
R Chand
_c
1977
650
_a
Commerce
700
_a
Sinha, J C
942
_c
BK
999
_c
28847
_d
28847